Digital design and computer architecture / (Record no. 259)

MARC details
000 -LEADER
fixed length control field 02294nam a22004577a 4500
003 - CONTROL NUMBER IDENTIFIER
control field OSt
005 - DATE AND TIME OF LATEST TRANSACTION
control field 20230322111841.0
008 - FIXED-LENGTH DATA ELEMENTS--GENERAL INFORMATION
fixed length control field 230322b |||||||| |||| 00| 0 eng d
015 ## - NATIONAL BIBLIOGRAPHY NUMBER
National bibliography number GBB573160
Source bnb
020 ## - INTERNATIONAL STANDARD BOOK NUMBER
International Standard Book Number 0128000562
020 ## - INTERNATIONAL STANDARD BOOK NUMBER
International Standard Book Number 9780128000564
020 ## - INTERNATIONAL STANDARD BOOK NUMBER
Canceled/invalid ISBN 9780128009116 (PDF ebook)
035 ## - SYSTEM CONTROL NUMBER
System control number (OCoLC)ocn900028206
040 ## - CATALOGING SOURCE
Original cataloging agency YDXCP
Language of cataloging eng
Transcribing agency KMU
Description conventions rda
Modifying agency BTCTA
-- OCLCQ
-- KKU
-- OCLCO
-- CDX
-- OCLCF
-- NJT
-- ORZ
-- ERL
-- LIP
-- DLC
042 ## - AUTHENTICATION CODE
Authentication code pcc
050 00 - LIBRARY OF CONGRESS CALL NUMBER
Classification number TK7868.D5
Item number H35 2016
082 00 - DEWEY DECIMAL CLASSIFICATION NUMBER
Classification number 621.39/2
Edition number 23
100 1# - MAIN ENTRY--PERSONAL NAME
Personal name Harris, Sarah L.,
Relator term author.
245 10 - TITLE STATEMENT
Title Digital design and computer architecture /
Statement of responsibility, etc. Sarah L. Harris ; David Money Harris.
250 ## - EDITION STATEMENT
Edition statement ARM® Edition
264 #1 - PRODUCTION, PUBLICATION, DISTRIBUTION, MANUFACTURE, AND COPYRIGHT NOTICE
Place of production, publication, distribution, manufacture Amsterdam :
Name of producer, publisher, distributor, manufacturer Elsevier/Morgan Kaufmann,
Date of production, publication, distribution, manufacture, or copyright notice [2016]
264 #4 - PRODUCTION, PUBLICATION, DISTRIBUTION, MANUFACTURE, AND COPYRIGHT NOTICE
Date of production, publication, distribution, manufacture, or copyright notice ©2016.
300 ## - PHYSICAL DESCRIPTION
Extent xxiv, 559 pages :
Other physical details illustrations ;
Dimensions 24 cm
336 ## - CONTENT TYPE
Content type term text
Content type code txt
Source rdacontent
337 ## - MEDIA TYPE
Media type term unmediated
Media type code n
Source rdamedia
338 ## - CARRIER TYPE
Carrier type term volume
Carrier type code nc
Source rdacarrier
500 ## - GENERAL NOTE
General note Includes index.
504 ## - BIBLIOGRAPHY, ETC. NOTE
Bibliography, etc. note Includes bibliographical references and index.
505 0# - FORMATTED CONTENTS NOTE
Formatted contents note From Zero to One -- Combinational Logic Design -- Sequential Logic Design -- Hardware Description Languages -- Digital Building Blocks -- Architecture -- Microarchitecture -- Memory Systems -- I/O Systems -- Appendix A. Digital System Implementation -- Appendix B. ARM Instructions -- Appendix C. C Programming.
650 #0 - SUBJECT ADDED ENTRY--TOPICAL TERM
Topical term or geographic name entry element Digital electronics.
650 #0 - SUBJECT ADDED ENTRY--TOPICAL TERM
Topical term or geographic name entry element Logic design.
650 #0 - SUBJECT ADDED ENTRY--TOPICAL TERM
Topical term or geographic name entry element Computer architecture.
650 #7 - SUBJECT ADDED ENTRY--TOPICAL TERM
Topical term or geographic name entry element Computer architecture.
Source of heading or term fast
Authority record control number or standard number (OCoLC)fst00872026
650 #7 - SUBJECT ADDED ENTRY--TOPICAL TERM
Topical term or geographic name entry element Digital electronics.
Source of heading or term fast
Authority record control number or standard number (OCoLC)fst00893670
650 #7 - SUBJECT ADDED ENTRY--TOPICAL TERM
Topical term or geographic name entry element Logic design.
Source of heading or term fast
Authority record control number or standard number (OCoLC)fst01002045
700 1# - ADDED ENTRY--PERSONAL NAME
Personal name Harris, David Money,
Relator term author.
856 41 - ELECTRONIC LOCATION AND ACCESS
Uniform Resource Identifier <a href="https://shibboleth2sp.gar.semcs.net/Shibboleth.sso/Login?entityID=https://passport01.leeds.ac.uk/idp/shibboleth&target=https://shibboleth2sp.gar.semcs.net/shib?dest=http%253A%252F%252Fwww.vlebooks.com%252FSHIBBOLETH%253Fdest%253Dhttp%25253A%25252F%25252Fwww.vlebooks.com%25252Fvleweb%25252Fproduct%25252Fopenreader%25253Fid%25253DLeedsUni%252526isbn%25253D9780128009116">https://shibboleth2sp.gar.semcs.net/Shibboleth.sso/Login?entityID=https://passport01.leeds.ac.uk/idp/shibboleth&target=https://shibboleth2sp.gar.semcs.net/shib?dest=http%253A%252F%252Fwww.vlebooks.com%252FSHIBBOLETH%253Fdest%253Dhttp%25253A%25252F%25252Fwww.vlebooks.com%25252Fvleweb%25252Fproduct%25252Fopenreader%25253Fid%25253DLeedsUni%252526isbn%25253D9780128009116</a>
Public note View this book online, via VLeBooks, both on- and off-campus
906 ## - LOCAL DATA ELEMENT F, LDF (RLIN)
a 7
b cbc
c pccadap
d 2
e ncip
f 20
g y-gencatlg
942 ## - ADDED ENTRY ELEMENTS (KOHA)
Source of classification or shelving scheme Library of Congress Classification
Koha item type Non-Fiction
Suppress in OPAC No
Holdings
Withdrawn status Lost status Source of classification or shelving scheme Damaged status Not for loan Collection Home library Current library Shelving location Date acquired Source of acquisition Total Checkouts Full call number Barcode Date last seen Price effective from Koha item type Date last checked out Total Renewals
    Library of Congress Classification     Non-fiction Kapasa Makasa University Kapasa Makasa University Open Access 22.03.2023 Book Aid   TK 7868.D5 Har 2016 749237 05.04.2024 22.03.2023 Non-Fiction    
    Library of Congress Classification     Non-fiction Kapasa Makasa University Kapasa Makasa University Open Access 22.03.2023 Book Aid 1 TK 7868.D5 Har 2016 749236 23.07.2024 22.03.2023 Non-Fiction 08.07.2024  
    Library of Congress Classification     Non-fiction Kapasa Makasa University Kapasa Makasa University Open Access 22.03.2023 Book Aid 1 TK 7868.D5 Har 2016 749235 10.04.2024 22.03.2023 Non-Fiction 08.04.2024  
    Library of Congress Classification     Non-fiction Kapasa Makasa University Kapasa Makasa University Open Access 22.03.2023 Book Aid 1 TK 7868.D5 Har 2016 749238 25.03.2025 22.03.2023 Non-Fiction 27.02.2025 1